000 00565nmm a2200193Ia 4500
008 251105s9999||||xx |||||||||||||||||und||
020 _a9788419004239
041 _aspa
100 _aOrts García, Patricia
245 0 _aEl último en llegar
264 _a[Madrid, España] :
_bDuomo ediciones,
_c[Fecha de publicación no identificada]
300 _a0 páginas
490 _aNefelibata
650 _aLiterature
700 _aOrts García, Patricia
700 1 _a Balzano, Marco
856 _uhttps://public.digitaliapublishing.com/a/161178
942 _cCF
999 _c69578
_d69578